[Event "EM for Hold 2019"]
[Site "Terme Catez"]
[Date "2021.11.18"]
[Round "6.4"]
[White "Hansen, Sune Berg"]
[Black "Hovhannisyan, Mher"]
[Result "1-0"]
[WhiteElo "2543"]
[BlackElo "2419"]
[PlyCount "63"]
[EventDate "2021.11.12"]
[EventType "team-swiss"]
[EventRounds "9"]
[EventCountry "SLO"]
[WhiteTeam "Denmark"]
[BlackTeam "Belgium"]
[WhiteTeamCountry "DEN"]
[BlackTeamCountry "BEL"]

1. d4 d5 2. Nf3 Nf6 3. Bf4 c6 4. e3 e6 5. Nbd2 Nbd7 6. h3 Be7 7. Bd3 O-O 8. c3
b6 9. g4 c5 10. g5 Nh5 11. Bh2 g6 12. h4 a5 13. a4 Ba6 14. Bxa6 Rxa6 15. Qe2
Ra8 16. Qb5 Qc8 17. O-O-O Qb7 18. Kb1 Rac8 19. Rhg1 Qc6 20. Qxc6 Rxc6 21. e4
Rd8 22. exd5 exd5 23. Nf1 Bd6 24. Ne3 Bxh2 25. Nxh2 Rd6 26. Nf3 Kg7 27. c4 dxc4
28. Nxc4 Rd5 29. Ne3 Rd6 30. d5 Nf8 31. Ne5 Rb8 32. N3c4 1-0